000 00711nam a2200229Ia 4500
005 20230426110305.0
008 140110s9999 xx 000 0 und d
020 _a9788175416413
_cRs.550.00
040 _aLoreto College
041 _aEnglish
082 _a338.95414
_bMIS
100 _aMishra,Binoda Kumar
245 _aPolitics of indebtedness of indigenous people
_bStudy of Purulia district
_cBinoda Kumar Mishra
260 _aDelhi
_bShipra Publications
_c2012
300 _avi,179p
504 _aIncludes index
630 _aPurulia-Native peoples-Debt
650 _aMaulana Abul Kalam Azad Institute of Asian Studies
651 _aNative peoples-Purulia-Debt
850 _aLCLIB
942 _cBK
999 _c38666
_d89145